000 00522nam a2200193Ia 4500
005 20250423100126.0
008 250422s9999 xx 000 0 und d
020 _a0201515024
050 _aQA 76.95 .W65/
100 _aWolfram, Stephen.
245 0 _aMathematica : a system for doing mathematics by computer
250 _a2nd ed.
260 _aNew York
260 _bAddison-Wesley Pub.
260 _c1991
300 _a961 p
650 _aMathematica (Computer file) Mathematics_Data processing.
942 _cBK
999 _c32362
_d32362